[Event "Fagernes Chess International 2014"]
[Site "Fagernes"]
[Date "2014.04.13"]
[Round "2"]
[White "Galinskyi, Mykhalo"]
[Black "Fossan, Andreas"]
[Result "0-1"]
[WhiteElo "1448"]
[BlackElo "1699"]
[PlyCount "76"]
[EventDate "2014.??.??"]

1. e4 e6 2. d4 d5 3. e5 c5 4. c3 Nc6 5. Nf3 Qb6 6. a3 c4 7. Qc2 Nge7 8. Be3 Ng6
9. Nbd2 Na5 10. Be2 Bd7 11. O-O Be7 12. Bd1 O-O 13. Re1 Rac8 14. g3 Qc7 15. Be2
f6 16. exf6 Bxf6 17. Rec1 Be7 18. Bg5 Bxg5 19. Nxg5 e5 20. Bh5 Bf5 21. Qa4 Rf6
22. Ndf3 Nb3 23. Bxg6 Rxg6 24. Re1 e4 25. Rad1 h6 26. Nxe4 Bxe4 27. Ne5 Rf6 28.
Re3 Bc2 29. Rde1 Nxd4 30. Qb4 a5 31. Nd7 axb4 32. Nxf6+ gxf6 33. cxd4 Kf7 34.
axb4 Bd3 35. Rc1 Qd7 36. Rc3 Re8 37. Rf3 Qh3 38. Rc1 Be4
0-1

[Event "Fagernes Chess International 2014"]
[Site "Fagernes"]
[Date "2014.04.13"]
[Round "2"]
[White "Cerkezovic, Emir"]
[Black "Gjertsen, Petter"]
[Result "1/2-1/2"]
[WhiteElo "1407"]
[BlackElo "1815"]
[PlyCount "46"]
[EventDate "2014.??.??"]

1. e4 d5 2. exd5 Nf6 3. Nf3 Bg4 4. Be2 Qxd5 5. c4 Qh5 6. d4 Nc6 7. O-O O-O-O 8.
Nc3 e5 9. d5 Bc5 10. h3 Bxf3 11. Bxf3 Qh4 12. Bd2 Nd4 13. b3 Rhe8 14. Na4 Nxf3+
15. Qxf3 Bd4 16. Rad1 Qe4 17. Be3 Qxf3 18. gxf3 Bxe3 19. fxe3 e4 20. f4 Rd6 21.
Nc3 Nh5 22. Kf2 a6 23. Rg1 g6
1/2-1/2

[Event "Fagernes Chess International 2014"]
[Site "Fagernes"]
[Date "2014.04.14"]
[Round "2"]
[White "Skjølingstad, Sverre"]
[Black "Tallaksen, Henrik G"]
[Result "0-1"]
[WhiteElo "1073"]
[BlackElo "1743"]
[PlyCount "88"]
[EventDate "2014.??.??"]

1. e4 c5 2. Nf3 Nc6 3. d4 cxd4 4. Nxd4 Qb6 5. Nb3 Nf6 6. Nc3 e6 7. Be2 Bb4 8.
Bd2 Bxc3 9. Bxc3 Nxe4 10. Bd4 Nxd4 11. Qxd4 Qxd4 12. Nxd4 a6 13. f3 Nf6 14. Kd2
d5 15. Rhe1 Bd7 16. Bd3 g5 17. Nf5 Rb8 18. Re5 h6 19. Rae1 Kd8 20. Nd6 Rf8 21.
c4 dxc4 22. Bxc4 b5 23. Bd3 Kc7 24. Ne4 Nxe4+ 25. Bxe4 Rfd8 26. Rc1+ Kb6 27.
Rec5 Rbc8 28. Rxc8 Rxc8 29. Rxc8 Bxc8 30. Kc3 Bb7 31. Bxb7 Kxb7 32. Kd4 f6 33.
Kc5 Kc7 34. b4 h5 35. g3 f5 36. a3 Kd7 37. Kb6 f4 38. Kxa6 fxg3 39. hxg3 h4 40.
gxh4 gxh4 41. Kxb5 h3 42. Ka6 h2 43. b5 h1=Q 44. b6 Qxf3
0-1

[Event "Fagernes Chess International 2014"]
[Site "Fagernes"]
[Date "2014.04.13"]
[Round "2"]
[White "Ayzenberg, Alena"]
[Black "Myhre, Mads Wollan"]
[Result "1-0"]
[WhiteElo "1929"]
[BlackElo "1487"]
[PlyCount "55"]
[EventDate "2014.??.??"]

1. Nf3 d5 2. d4 Nf6 3. g3 c6 4. Bg2 Bf5 5. Nbd2 e6 6. O-O Bd6 7. c4 Nbd7 8. Nh4
Bg6 9. Nxg6 hxg6 10. e4 dxe4 11. Nxe4 Nxe4 12. Bxe4 Nf6 13. Bg5 Qa5 14. Bxf6
gxf6 15. d5 cxd5 16. cxd5 e5 17. Qb3 b6 18. Rac1 f5 19. Bd3 f4 20. Bb5+ Ke7 21.
Bc6 Rad8 22. Rc4 fxg3 23. hxg3 Qd2 24. Rd1 Qe2 25. Qc2 Qf3 26. Rh4 Bc5 27. d6+
Rxd6 28. Bxf3
1-0

[Event "Fagernes Chess International 2014"]
[Site "Fagernes"]
[Date "2014.04.13"]
[Round "3"]
[White "Maloberti, David"]
[Black "Dyrhaug, Sverre S"]
[Result "1-0"]
[WhiteElo "2048"]
[BlackElo "1574"]
[PlyCount "49"]
[EventDate "2014.??.??"]

1. d4 Nf6 2. c4 e6 3. Nc3 d5 4. Bg5 Be7 5. e3 O-O 6. Qb3 dxc4 7. Bxc4 b6 8. Nf3
Bb7 9. Ne5 Ba6 10. Bxa6 Nxa6 11. Nc6 Qd7 12. Nxe7+ Qxe7 13. a3 h6 14. Bh4 g5
15. Bg3 Nh5 16. Qc4 Nxg3 17. hxg3 Nb8 18. Rxh6 Kg7 19. Rh5 Rh8 20. Rxh8 Kxh8
21. O-O-O Qd7 22. d5 e5 23. Qe4 f6 24. Rh1+ Kg8 25. Qg6+
1-0

[Event "Fagernes Chess International 2014"]
[Site "Fagernes"]
[Date "2014.04.13"]
[Round "3"]
[White "Theting, Helge E."]
[Black "Rygg, Snorre"]
[Result "1-0"]
[WhiteElo "1943"]
[BlackElo "1821"]
[PlyCount "75"]
[EventDate "2014.??.??"]

1. Nf3 c5 2. g3 d5 3. Bg2 Nc6 4. O-O Nf6 5. d3 e6 6. Nbd2 Be7 7. e4 dxe4 8.
dxe4 O-O 9. c3 Rb8 10. e5 Nd5 11. Re1 Qc7 12. Qe2 a6 13. Nf1 b5 14. h4 c4 15.
h5 h6 16. N1h2 Rd8 17. Ng4 Bf8 18. Nfh2 Nde7 19. Bxh6 gxh6 20. Nf6+ Kh8 21. Qe4
Nf5 22. Qxc6 Qa7 23. Rad1 Qe7 24. Rxd8 Qxd8 25. Qf3 Bg7 26. Rd1 Qc7 27. Nhg4
Bxf6 28. exf6 Bb7 29. Qe2 Bxg2 30. Kxg2 Rd8 31. Rd2 a5 32. Qd1 Rxd2 33. Qxd2
Qc6+ 34. Kg1 Qe4 35. Nxh6 Kh7 36. Nxf7 Qg4 37. Ng5+ Kh6 38. Nxe6+
1-0

[Event "Fagernes Chess International 2014"]
[Site "Fagernes"]
[Date "2014.04.13"]
[Round "3"]
[White "Kizatbay, Alseit"]
[Black "Flaata, Alexander R."]
[Result "1-0"]
[WhiteElo "1408"]
[BlackElo "2111"]
[PlyCount "144"]
[EventDate "2014.??.??"]

1. d4 Nf6 2. Nf3 g6 3. g3 c5 4. c4 Bg7 5. Bg2 O-O 6. O-O cxd4 7. Nxd4 Nc6 8.
Nc3 Qb6 9. Nc2 d6 10. Rb1 Bf5 11. e4 Bg4 12. Qe1 a6 13. Be3 Qc7 14. b3 Rac8 15.
Qd2 Ne5 16. Nd4 Bd7 17. h3 Nc6 18. Nde2 Rfd8 19. Na4 Re8 20. Nb6 Rcd8 21. Rfc1
Bc8 22. Nd5 Qb8 23. Bb6 Rd7 24. b4 e6 25. Nxf6+ Bxf6 26. b5 axb5 27. cxb5 Ne7
28. Nc3 d5 29. exd5 Nxd5 30. Nxd5 exd5 31. Re1 Re6 32. Rxe6 fxe6 33. Rc1 Rf7
34. a4 Bd7 35. Bc7 Qa7 36. Qa5 Qd4 37. Bb6 Qb2 38. Rf1 Kg7 39. Bc5 Qc2 40. Qb4
Qd3 41. Rc1 e5 42. Qc3 Qxc3 43. Rxc3 e4 44. Rc1 Be8 45. Bb6 Be5 46. Rd1 Rd7 47.
h4 Rd6 48. Bc7 Re6 49. Bh3 Re7 50. Bd8 Rf7 51. Be6 Rf3 52. Bxd5 Rd3 53. Rxd3
exd3 54. Bxb7 d2 55. Bf3 Kf7 56. Ba5 Ke6 57. Bxd2 Kd6 58. Bf4 Bxf4 59. gxf4 Kc5
60. Kg2 Bf7 61. Bd1 Bd5+ 62. Kg3 Be6 63. Be2 Kb6 64. Bd3 Bb3 65. f5 gxf5 66.
Bxf5 Bxa4 67. Bd3 Kc5 68. Kf4 Kd6 69. Kf5 Ke7 70. Ke5 h6 71. f4 Kf7 72. b6 Bc6
1-0

[Event "Fagernes Chess International 2014"]
[Site "Fagernes"]
[Date "2014.04.13"]
[Round "3"]
[White "Taksrud, Vidar"]
[Black "Bue, Gunnar"]
[Result "1-0"]
[WhiteElo "2052"]
[BlackElo "1693"]
[PlyCount "43"]
[EventDate "2014.??.??"]

1. e4 d6 2. d4 Nf6 3. Nc3 g6 4. f3 Bg7 5. Be3 c6 6. Qd2 O-O 7. Bc4 b5 8. Bd3 a5
9. Nge2 Nbd7 10. Nd1 Nb6 11. O-O Nc4 12. Bxc4 bxc4 13. c3 Nh5 14. g4 Nf6 15.
Ng3 Rb8 16. Bh6 e5 17. Bxg7 Kxg7 18. Ne3 Ba6 19. Rf2 exd4 20. Qxd4 Qb6 21.
Nef5+ gxf5 22. Nh5+
1-0

[Event "Fagernes Chess International 2014"]
[Site "Fagernes"]
[Date "2014.04.13"]
[Round "3"]
[White "Mørkedal, Øyvind"]
[Black "Bentsen, Håkon"]
[Result "1/2-1/2"]
[WhiteElo "1729"]
[BlackElo "2074"]
[PlyCount "121"]
[EventDate "2014.??.??"]

1. d4 d5 2. c4 e6 3. Nc3 Nf6 4. Bg5 Nbd7 5. cxd5 exd5 6. e3 Be7 7. Bd3 c6 8.
Qc2 O-O 9. Nf3 Re8 10. O-O h6 11. Bh4 Ne4 12. Bxe7 Qxe7 13. Nd2 Ndf6 14. Bxe4
dxe4 15. Rae1 Bf5 16. f3 Bg6 17. fxe4 Nxe4 18. Ndxe4 Bxe4 19. Nxe4 Qxe4 20. Qb3
Re7 21. Rf3 Rae8 22. Ref1 Qd5 23. Qxd5 cxd5 24. Rc1 Rxe3 25. Rxe3 Rxe3 26. Rc8+
Kh7 27. Rc7 Rd3 28. Rxb7 Rxd4 29. Rxa7 Rd1+ 30. Kf2 Rd2+ 31. Kf3 Rxb2 32. Rd7
Rxa2 33. Rxd5 g5 34. h3 Kg6 35. g4 f6 36. Kg3 Ra3+ 37. Kg2 h5 38. Rb5 Ra2+ 39.
Kf3 h4 40. Rb3 Rh2 41. Ke4 Rf2 42. Rf3 Re2+ 43. Re3 Ra2 44. Rb3 Ra6 45. Rc3 Kf7
46. Kf5 Ra7 47. Rb3 Re7 48. Rb5 Kg7 49. Ra5 Re3 50. Ra7+ Kh6 51. Kxf6 Rxh3 52.
Kf7 Rb3 53. Ra6+ Kh7 54. Kf6 Rb5 55. Ra7+ Kh6 56. Ra8 Rb6+ 57. Kf5 Rg6 58. Rb8
Kh7 59. Rb7+ Rg7 60. Rb3 Kh6 61. Rb6+
1/2-1/2

[Event "Fagernes Chess International 2014"]
[Site "Fagernes"]
[Date "2014.04.13"]
[Round "3"]
[White "Sajjadi, Kimiya"]
[Black "Torgersen, Terje"]
[Result "0-1"]
[WhiteElo "1503"]
[BlackElo "1970"]
[PlyCount "125"]
[EventDate "2014.??.??"]

1. d4 Nf6 2. c4 g6 3. Bf4 Bg7 4. Nc3 O-O 5. e4 d6 6. Nf3 c6 7. Qb3 Nbd7 8. Be2
Qa5 9. O-O e5 10. dxe5 dxe5 11. Be3 Ng4 12. Bd2 Nc5 13. Qc2 Qc7 14. h3 Nf6 15.
Be3 Ne6 16. Rfd1 Nh5 17. Rd2 Nef4 18. Rad1 Nxe2+ 19. Nxe2 f5 20. Bc5 Re8 21.
Nc3 h6 22. Nh4 Qf7 23. Rd8 Be6 24. Rxe8+ Rxe8 25. exf5 gxf5 26. Bxa7 e4 27. g3
Bxc4 28. b3 Bd3 29. Qd2 f4 30. g4 Qf6 31. Ng2 Qxc3 32. gxh5 Qxd2 33. Rxd2 Bc3
34. Rd1 Ra8 35. Bc5 f3 36. Nf4 Rd8 37. Be3 Kf7 38. Nxd3 exd3 39. Bf4 d2 40. Kh2
Rg8 41. Bxd2 Rd8 42. Bxc3 Rxd1 43. b4 Rd5 44. Kg3 Rxh5 45. a4 Rd5 46. Kf4 Rd7
47. Be1 Ke6 48. Ke4 Rd1 49. Bc3 Rh1 50. h4 Rxh4+ 51. Ke3 Kd5 52. Bd2 Rh3 53.
Kf4 h5 54. Ke3 Kc4 55. a5 Kb3 56. Ke4 Rh4+ 57. Kxf3 Kc2 58. Ke3 Rg4 59. f4 Rxf4
60. Be1 Rc4 61. Kf2 Re4 62. Kf1 Rxe1+ 63. Kxe1
0-1

[Event "Fagernes Chess International 2014"]
[Site "Fagernes"]
[Date "2014.04.13"]
[Round "3"]
[White "Wærstad, Leif E"]
[Black "Kristiansen, Willy"]
[Result "0-1"]
[WhiteElo "1560"]
[BlackElo "2017"]
[PlyCount "68"]
[EventDate "2014.??.??"]

1. d4 d5 2. Nf3 Nf6 3. e3 c5 4. Nc3 cxd4 5. exd4 Nc6 6. Be2 Bg4 7. O-O e6 8.
Bf4 Be7 9. Qd3 O-O 10. a3 a6 11. Rac1 b5 12. h3 Bh5 13. Ne5 Nxe5 14. Bxe5 Bg6
15. Qg3 Ne8 16. Bd3 Bd6 17. Bxg6 hxg6 18. f4 Be7 19. Rcd1 Rc8 20. Rd3 Rc6 21.
f5 gxf5 22. Rdf3 Bf6 23. Qf2 Nd6 24. Bxf6 Qxf6 25. Qe3 Rc4 26. Rd1 Rfc8 27. g4
g6 28. g5 Qh8 29. Qf4 Ne4 30. Nxe4 dxe4 31. Rc3 Rxc3 32. bxc3 Qxh3 33. d5 exd5
34. Rxd5 Qxc3
0-1

[Event "Fagernes Chess International 2014"]
[Site "Fagernes"]
[Date "2014.04.13"]
[Round "3"]
[White "Snerthammer, Daniel"]
[Black "Robertsen, Bjørn"]
[Result "1-0"]
[WhiteElo "1913"]
[BlackElo "1185"]
[PlyCount "115"]
[EventDate "2014.??.??"]

1. c4 Nf6 2. g3 e5 3. Bg2 Bc5 4. Nc3 d6 5. Na4 Bb6 6. Nxb6 axb6 7. d3 Nc6 8.
Nf3 h6 9. O-O O-O 10. b3 Bf5 11. Bb2 Qd7 12. Re1 Bh3 13. Bh1 Nh5 14. d4 e4 15.
Nd2 e3 16. fxe3 Rae8 17. Bf3 Qf5 18. e4 Qg6 19. Kh1 f5 20. e3 Nf6 21. exf5 Bxf5
22. Qe2 Bg4 23. Rf1 Bxf3+ 24. Nxf3 Qe4 25. Rae1 Ng4 26. d5 Nb4 27. Kg1 Nd3 28.
Nd2 Qxe3+ 29. Qxe3 Rxe3 30. Rxf8+ Kxf8 31. Rxe3 Nxe3 32. Bc3 Nc1 33. Bd4 Nf5
34. Bb2 Nxa2 35. Nf3 Nb4 36. g4 Ne7 37. Nd4 Kf7 38. Ne6 Nbxd5 39. cxd5 Nxd5 40.
Nxg7 Nf6 41. Bxf6 Kxf6 42. Ne8+ Kg5 43. h3 c5 44. Nxd6 b5 45. Nxb5 b6 46. Kf2
Kh4 47. Kg2 Kg5 48. Kg3 h5 49. h4+ Kg6 50. g5 Kh7 51. Kf4 Kg6 52. Ke5 Kf7 53.
Kd6 Kg6 54. Kc6 Kf7 55. Kxb6 c4 56. bxc4 Ke6 57. Nd4+ Ke7 58. c5
1-0

[Event "Fagernes Chess International 2014"]
[Site "Fagernes"]
[Date "2014.04.13"]
[Round "3"]
[White "Ødegaard, Per Chr"]
[Black "Østgaard, Pål Inge"]
[Result "1/2-1/2"]
[WhiteElo "1772"]
[BlackElo "1284"]
[PlyCount "40"]
[EventDate "2014.??.??"]

1. Nf3 Nf6 2. d4 g6 3. Bg5 Bg7 4. Nbd2 d6 5. e4 O-O 6. Bd3 c5 7. c3 cxd4 8.
cxd4 Nc6 9. a3 Bd7 10. h3 Rc8 11. O-O h6 12. Be3 a6 13. Rc1 e5 14. d5 Ne7 15.
Nc4 Bb5 16. Bb6 Qd7 17. Qe2 Nh5 18. Be3 Bxc4 19. Bxc4 b5 20. Bd3 Rxc1
1/2-1/2

[Event "Fagernes Chess International 2014"]
[Site "Fagernes"]
[Date "2014.04.13"]
[Round "3"]
[White "Laverton, Christian"]
[Black "Risting, Eivind Olav"]
[Result "1/2-1/2"]
[WhiteElo "2080"]
[BlackElo "1743"]
[PlyCount "102"]
[EventDate "2014.??.??"]

1. d4 e6 2. c4 f5 3. Nf3 Nf6 4. g3 c6 5. Bg2 d5 6. O-O Bd6 7. Qc2 Qe7 8. Nc3
O-O 9. Rb1 b6 10. Bf4 Ne4 11. Bxd6 Qxd6 12. b4 Nd7 13. a4 a5 14. b5 Nxc3 15.
Qxc3 cxb5 16. cxb5 Bb7 17. Rfc1 Rac8 18. Qe3 Rxc1+ 19. Rxc1 Rc8 20. Rxc8+ Bxc8
21. Qg5 Nf6 22. Qc1 Bb7 23. Ne5 Ne8 24. Nd3 Qc7 25. Qe3 Qd6 26. h3 Nf6 27. Qc1
Nd7 28. g4 fxg4 29. hxg4 e5 30. dxe5 Nxe5 31. Qf4 Nf7 32. Qd4 Ng5 33. Qe5 Qxe5
34. Nxe5 Kf8 35. Nd7+ Ke7 36. Nxb6 Kd6 37. f4 Ne6 38. e3 Nc7 39. e4 dxe4 40.
Nc4+ Kc5 41. Nxa5 Bd5 42. Nc6 h5 43. gxh5 Ne6 44. f5 Nf4 45. Ne7 Bb3 46. h6
gxh6 47. Bxe4 Bxa4 48. Kf2 Bxb5 49. Ke3 Nh5 50. Ng8 Bd7 51. Nxh6 Nf6
1/2-1/2

[Event "Fagernes Chess International 2014"]
[Site "Fagernes"]
[Date "2014.04.13"]
[Round "3"]
[White "Bjornes, Leif"]
[Black "Machlik, Endre"]
[Result "0-1"]
[WhiteElo "1873"]
[BlackElo "1790"]
[PlyCount "70"]
[EventDate "2014.??.??"]

1. d4 d5 2. c4 dxc4 3. Nf3 Nf6 4. e3 Bg4 5. Bxc4 e6 6. Nc3 Nbd7 7. O-O Bd6 8.
Be2 O-O 9. e4 e5 10. h3 Bh5 11. Bg5 Qe8 12. Bxf6 Bxf3 13. Bxf3 Nxf6 14. d5 Qe7
15. Rc1 Ne8 16. Qc2 Bc5 17. a3 g6 18. b4 Bb6 19. Qb3 Nd6 20. a4 a5 21. b5 f5
22. Rce1 Kh8 23. Qc2 f4 24. Bg4 Qh4 25. Kh2 h5 26. Be6 Nf7 27. g3 Qf6 28. h4 g5
29. Rh1 fxg3+ 30. fxg3 gxh4 31. Kg2 Nh6 32. Rxh4 Qf3+ 33. Kh3 Bf2 34. Ne2 Bxe1
35. Qxc7 Qh1#
0-1

[Event "Fagernes Chess International 2014"]
[Site "Fagernes"]
[Date "2014.04.13"]
[Round "3"]
[White "Tallaksen, Henrik G"]
[Black "Kjølberg, Jens Hjorth"]
[Result "0-1"]
[WhiteElo "1743"]
[BlackElo "2092"]
[PlyCount "40"]
[EventDate "2014.??.??"]

1. e4 c5 2. Nf3 Nc6 3. d4 cxd4 4. Nxd4 e5 5. Nb3 Nf6 6. Bd3 Bb4+ 7. Bd2 O-O 8.
O-O d5 9. exd5 Nxd5 10. a3 Bxd2 11. N1xd2 Nf4 12. Be4 Qg5 13. Re1 Rd8 14. Qf3
Be6 15. Qg3 Qf6 16. Rad1 Rac8 17. Bxc6 Rxc6 18. Ne4 Ne2+ 19. Kh1 Nxg3+ 20. hxg3
Qe7
0-1

[Event "Fagernes Chess International 2014"]
[Site "Fagernes"]
[Date "2014.04.13"]
[Round "3"]
[White "Skjelstad, Erling"]
[Black "Hølleland, Sigve"]
[Result "0-1"]
[WhiteElo "1667"]
[BlackElo "1871"]
[PlyCount "38"]
[EventDate "2014.??.??"]

1. e4 c5 2. f4 d6 3. Nf3 Nf6 4. Nc3 Nc6 5. Bc4 e6 6. d3 d5 7. exd5 exd5 8. Qe2+
Be7 9. Bb5 O-O 10. Bxc6 bxc6 11. O-O Bd6 12. h3 Nh5 13. Qf2 Nxf4 14. Bxf4 Bxf4
15. Qxc5 Qf6 16. Nh2 Qg5 17. Rf3 Bd7 18. Raf1 Bc7 19. Qf2 Qe5
0-1

[Event "Fagernes Chess International 2014"]
[Site "Fagernes"]
[Date "2014.04.13"]
[Round "3"]
[White "Ali, Karim"]
[Black "Løbersli, Henrik Øie"]
[Result "1/2-1/2"]
[WhiteElo "1797"]
[BlackElo "1857"]
[PlyCount "100"]
[EventDate "2014.??.??"]

1. b3 e5 2. Bb2 Nc6 3. e3 d5 4. Bb5 Bd6 5. f4 Qh4+ 6. g3 Qe7 7. Nc3 Nf6 8. fxe5
Bxe5 9. Nf3 Bg4 10. Be2 Bd6 11. Nb5 O-O-O 12. Nxd6+ Qxd6 13. Ng5 Bxe2 14. Qxe2
Rd7 15. O-O-O Re8 16. Rhf1 h6 17. Nf3 d4 18. Qc4 dxe3 19. dxe3 Qe7 20. Rxd7
Qxd7 21. Rd1 Qe7 22. Rd3 g5 23. a3 Nd7 24. Qg4 Rd8 25. Qf5 Kb8 26. e4 Nf8 27.
b4 Re8 28. e5 Ne6 29. Nd4 Ncxd4 30. Bxd4 Rd8 31. Bb2 Rxd3 32. Qxd3 Nf8 33. Qd5
Kc8 34. Bd4 Qd7 35. Qe4 a6 36. Bb2 Qe6 37. Qd4 Qc6 38. Qg4+ Qe6 39. Qf3 Ng6 40.
Qc3 Qd5 41. Qe1 Kd7 42. Qf1 Ke8 43. Qh3 Qh1+ 44. Kd2 Qd5+ 45. Ke3 Nxe5 46. Qc8+
Ke7 47. Qxc7+ Ke6 48. Qc8+ Ke7 49. Bxe5 Qxe5+ 50. Kf2 Qd4+
1/2-1/2

[Event "Fagernes Chess International 2014"]
[Site "Fagernes"]
[Date "2014.04.13"]
[Round "3"]
[White "Mossin, Ivar Alexander"]
[Black "Cerkezovic, Emir"]
[Result "1/2-1/2"]
[WhiteElo "1847"]
[BlackElo "1407"]
[PlyCount "86"]
[EventDate "2014.??.??"]

1. e4 Nc6 2. d4 e5 3. Nf3 exd4 4. Nxd4 Bb4+ 5. c3 Bc5 6. Be3 Qe7 7. Nd2 d6 8.
Nxc6 bxc6 9. Bxc5 dxc5 10. Bc4 Nf6 11. O-O O-O 12. Qc2 Be6 13. f3 Nd7 14. Rfd1
Nb6 15. Bxe6 Qxe6 16. Nb3 c4 17. Nd4 Qf6 18. Qe2 Rfe8 19. Nc2 a5 20. Ne3 Qe6
21. Rd4 c5 22. Rd2 g6 23. Re1 Rad8 24. g4 Rd6 25. Red1 Red8 26. Nc2 Na4 27. Na3
Rd3 28. Rxd3 cxd3 29. Rxd3 Rxd3 30. Qxd3 Qxa2 31. Qb1 Qxb1+ 32. Nxb1 Nxb2 33.
Na3 c4 34. Kf1 Nd1 35. Nb1 Nb2 36. Ke2 Na4 37. Ke3 Nb6 38. Kd4 Kf8 39. Na3 a4
40. Nxc4 Nd7 41. f4 Ke7 42. g5 Ke6 43. Na3 Kd6
1/2-1/2

[Event "Fagernes Chess International 2014"]
[Site "Fagernes"]
[Date "2014.04.13"]
[Round "3"]
[White "Lien, Johan"]
[Black "Yilmaz, Kazim"]
[Result "0-1"]
[WhiteElo "1410"]
[BlackElo "1683"]
[PlyCount "98"]
[EventDate "2014.??.??"]

1. e4 Nc6 2. Nf3 e5 3. Nc3 Bc5 4. Bb5 Nf6 5. O-O O-O 6. Re1 Re8 7. Nd5 a6 8.
Bxc6 dxc6 9. Nxf6+ Qxf6 10. h3 Qg6 11. Nh4 Qf6 12. Nf5 Bxf5 13. exf5 Qxf5 14.
Rf1 Rad8 15. d3 e4 16. Be3 exd3 17. cxd3 Bxe3 18. fxe3 Qxd3 19. Qxd3 Rxd3 20.
Rfe1 Rdxe3 21. Rxe3 Rxe3 22. Rd1 Re8 23. Kh2 c5 24. a4 b6 25. b3 Kf8 26. Kg1
Ke7 27. Kf2 Rd8 28. Re1+ Kf6 29. g4 Rd3 30. Kg2 Rxb3 31. Rf1+ Ke7 32. Re1+ Kf8
33. Re4 Rb4 34. Re1 Rxa4 35. Rd1 Rd4 36. Ra1 a5 37. Rb1 c4 38. Kf2 c3 39. Ke2
c2 40. Rc1 Rc4 41. Kd3 Rc5 42. Kd2 a4 43. Rxc2 Rxc2+ 44. Kxc2 c5 45. Kb2 b5 46.
Ka3 c4 47. Kb4 g6 48. h4 f5 49. gxf5 gxf5
0-1

[Event "Fagernes Chess International 2014"]
[Site "Fagernes"]
[Date "2014.04.13"]
[Round "3"]
[White "Fossan, Andreas"]
[Black "Lien, Kjell Håkon"]
[Result "1-0"]
[WhiteElo "1699"]
[BlackElo "2050"]
[PlyCount "71"]
[EventDate "2014.??.??"]

1. d4 Nf6 2. c4 e6 3. Nf3 c5 4. d5 b5 5. dxe6 fxe6 6. cxb5 a6 7. e3 d5 8. Nc3
Bd6 9. Be2 O-O 10. O-O Bb7 11. bxa6 Nxa6 12. Nb5 Bb8 13. Bd2 Qe7 14. a3 e5 15.
Bc3 e4 16. Ne1 Nd7 17. g3 Ne5 18. b4 Rf6 19. bxc5 Nxc5 20. Bb4 Rh6 21. Qd4 Qd7
22. f4 Ned3 23. Bxc5 Qh3 24. Rf2 Nxf2 25. Kxf2 Qxh2+ 26. Ng2 Rh3 27. Bf1 Qxg3+
28. Ke2 Qf3+ 29. Kd2 Qf2+ 30. Kc3 Bc6 31. Qd2 Qg3 32. Rb1 Rh2 33. Nd4 Bd7 34.
Ne2 Qg6 35. Qxd5+ Be6 36. Qd8+
1-0

[Event "Fagernes Chess International 2014"]
[Site "Fagernes"]
[Date "2014.04.13"]
[Round "3"]
[White "Dybvik, Bjørn Noralf"]
[Black "Merkesvik, Amalie Isabel"]
[Result "1-0"]
[WhiteElo "1284"]
[BlackElo "1521"]
[PlyCount "83"]
[EventDate "2014.??.??"]

1. c4 e5 2. Nc3 Nf6 3. g3 d5 4. cxd5 Nxd5 5. Bg2 Be6 6. Nf3 Nc6 7. O-O Be7 8.
d3 h5 9. a3 h4 10. e4 Nxc3 11. bxc3 hxg3 12. fxg3 Bc5+ 13. Kh1 Bg4 14. Bg5 f6
15. Bc1 Qd7 16. Qe2 O-O-O 17. Be3 Bxe3 18. Qxe3 Bxf3 19. Rxf3 Rh6 20. Kg1 g5
21. Rd1 Rdh8 22. Rdf1 Rxh2 23. Rxf6 Rxg2+ 24. Kxg2 Qh3+ 25. Kf2 Qh2+ 26. Ke1
Nd8 27. R6f2 Qh6 28. Qxa7 Qc6 29. Kd2 g4 30. Qa5 Qh6+ 31. Ke2 Nc6 32. Qc5 Qe6
33. Rf8+ Rxf8 34. Qxf8+ Nd8 35. Qf5 Qxf5 36. Rxf5 Nc6 37. Rg5 b5 38. Rxg4 b4
39. axb4 Kd7 40. Rg7+ Kd6 41. g4 Nxb4 42. cxb4
1-0

[Event "Fagernes Chess International 2014"]
[Site "Fagernes"]
[Date "2014.04.13"]
[Round "3"]
[White "Bakkejord, Odd Vidar"]
[Black "Ghaderi, Arman K"]
[Result "0-1"]
[WhiteElo "1225"]
[BlackElo "1843"]
[PlyCount "48"]
[EventDate "2014.??.??"]

1. c4 e6 2. b3 d5 3. cxd5 exd5 4. Bb2 Nf6 5. e3 Be7 6. Nf3 O-O 7. Qc2 c5 8. d3
Nc6 9. a3 Bf5 10. Nh4 Be6 11. Nd2 Rc8 12. O-O-O Qb6 13. Kb1 Ng4 14. Ndf3 d4 15.
Qd2 Bxb3 16. Re1 c4 17. exd4 c3 18. Qxc3 Na5 19. Qd2 Bc2+ 20. Ka2 Qb3+ 21. Ka1
Bxa3 22. Rb1 Bxb2+ 23. Rxb2 Qa3+ 24. Ra2 Nb3#
0-1

[Event "Fagernes Chess International 2014"]
[Site "Fagernes"]
[Date "2014.04.13"]
[Round "3"]
[White "Larsen, Per Magnus"]
[Black "Galinskyi, Mykhalo"]
[Result "1/2-1/2"]
[WhiteElo "1023"]
[BlackElo "1448"]
[PlyCount "73"]
[EventDate "2014.??.??"]

1. d4 d5 2. c4 dxc4 3. e4 Nf6 4. Nc3 e6 5. Bxc4 c5 6. e5 cxd4 7. exf6 dxc3 8.
Qxd8+ Kxd8 9. Bg5 g6 10. bxc3 Ba3 11. Rb1 Nc6 12. Nf3 Bd6 13. O-O h6 14. Bh4 g5
15. Bg3 Bxg3 16. fxg3 g4 17. Rfd1+ Kc7 18. Nd4 Nxd4 19. cxd4 Bd7 20. d5 Rad8
21. Re1 Rhe8 22. Rbc1 Kb8 23. Bb3 exd5 24. Rxe8 Rxe8 25. Bxd5 Be6 26. Re1 Bd7
27. Re7 Rxe7 28. fxe7 Be8 29. Kf2 Kc7 30. Ke3 Kd6 31. Bxb7 Kxe7 32. Bc8 h5 33.
Kf4 Kf6 34. h3 Bc6 35. hxg4 hxg4 36. Bxg4 Bxg2 37. Be2
1/2-1/2

[Event "Fagernes Chess International 2014"]
[Site "Fagernes"]
[Date "2014.04.13"]
[Round "3"]
[White "Dahl, Trygve"]
[Black "Kaasen, Tor Fredrik"]
[Result "1-0"]
[WhiteElo "1867"]
[BlackElo "1527"]
[PlyCount "151"]
[EventDate "2014.??.??"]

1. d4 d5 2. Bg5 h6 3. Bh4 c6 4. Nf3 Bf5 5. e3 Qb6 6. Qc1 Nd7 7. Nbd2 Ngf6 8. c4
e6 9. Be2 Be7 10. c5 Qd8 11. Bg3 O-O 12. h3 Ne4 13. Bh2 Rc8 14. O-O Re8 15.
Nxe4 Bxe4 16. Nd2 Bh7 17. Qc3 Bf6 18. f4 Qe7 19. Bd3 Bxd3 20. Qxd3 b6 21. b4
bxc5 22. bxc5 Nxc5 23. dxc5 Bxa1 24. Rxa1 Qxc5 25. Nb3 Qe7 26. Bg3 c5 27. Qc3
Qd7 28. Rb1 Qa4 29. Qd2 c4 30. Nd4 c3 31. Qd3 Qxa2 32. Be1 Qc4 33. Qc2 Rc5 34.
Rb3 Qa4 35. Rb8 Qd7 36. Rxe8+ Qxe8 37. Bxc3 Qb8 38. Qd2 Rc4 39. Nf3 Qb3 40. Bd4
Qb7 41. Ne5 Rc7 42. Qa5 Qb1+ 43. Kh2 Rc1 44. Bxa7 Rh1+ 45. Kg3 Qe1+ 46. Qxe1
Rxe1 47. Bd4 f6 48. Nf3 Rb1 49. Kg4 Kf7 50. Kh4 g6 51. g4 Rf1 52. Kg3 Rb1 53.
h4 Rb7 54. g5 fxg5 55. fxg5 h5 56. Bf6 Kg8 57. Nd4 Kf7 58. Nc6 Rb3 59. Bd4 Rb1
60. Ne5+ Kg7 61. Nf3+ Kf7 62. Bf6 Kg8 63. Nd4 Rg1+ 64. Kf2 Rg4 65. Nxe6 Rxh4
66. Nf4 Kf7 67. Nxd5 Ra4 68. Nf4 Rb4 69. Nd3 Rb6 70. Ne5+ Ke6 71. Nxg6 Kf5 72.
Nf4 h4 73. Kf3 Rb4 74. g6 Rxf4+ 75. exf4 Kxf6 76. f5
1-0

[Event "Fagernes Chess International 2014"]
[Site "Fagernes"]
[Date "2014.04.13"]
[Round "3"]
[White "Machlik, Edit"]
[Black "Sundsbø, Sigve"]
[Result "1-0"]
[WhiteElo "1913"]
[BlackElo "1663"]
[PlyCount "109"]
[EventDate "2014.??.??"]

1. d4 Nf6 2. c4 e6 3. Nc3 Bb4 4. Qc2 O-O 5. a3 Bxc3+ 6. Qxc3 b5 7. cxb5 c6 8.
Bg5 cxb5 9. e3 Bb7 10. Nf3 h6 11. Bh4 g5 12. Bg3 Nd5 13. Qb3 Qa5+ 14. Nd2 a6
15. Be2 f5 16. Bd6 Rf7 17. Rd1 Qb6 18. Bxb8 Rxb8 19. O-O Rc8 20. Rc1 Rff8 21.
Qd3 Rc6 22. Nb3 Rfc8 23. Rxc6 Bxc6 24. Nc5 Re8 25. Rc1 d6 26. Nb3 Rc8 27. Bf3
Ne7 28. Bd1 Be4 29. Rxc8+ Nxc8 30. Qc3 Ne7 31. Nd2 Bb7 32. Bb3 Kf7 33. Bd1 Qc6
34. Qxc6 Bxc6 35. Nb3 Bd5 36. Nc1 Kf6 37. Nd3 Nc6 38. f3 Bc4 39. Bc2 Bd5 40.
Kf2 Bc4 41. g3 Bd5 42. Bd1 Bc4 43. Be2 Bd5 44. Ke1 Bc4 45. Kd2 Bxd3 46. Kxd3
Na5 47. Kc3 Nc6 48. a4 b4+ 49. Kc4 h5 50. f4 gxf4 51. gxf4 Ne7 52. Bf3 a5 53.
Kb5 Nd5 54. Bxd5 exd5 55. Kxa5
1-0

[Event "Fagernes Chess International 2014"]
[Site "Fagernes"]
[Date "2014.04.13"]
[Round "3"]
[White "Machlik, Monika"]
[Black "Kizatbay, Abyl"]
[Result "1-0"]
[WhiteElo "1976"]
[BlackElo "1144"]
[PlyCount "69"]
[EventDate "2014.??.??"]

1. d4 Nf6 2. c4 e6 3. Nc3 Bb4 4. Qc2 O-O 5. a3 Bxc3+ 6. Qxc3 Ne4 7. Qc2 f5 8.
Nh3 b6 9. f3 Nf6 10. e3 c5 11. dxc5 bxc5 12. Be2 Qb6 13. O-O Nc6 14. Bd2 a5 15.
Rfd1 d5 16. Be1 g6 17. Bf2 Bb7 18. Rac1 dxc4 19. Qxc4 Rae8 20. Rd2 Ne7 21. Qxc5
Qb3 22. Bc4 Qa4 23. Bb5 Qb3 24. Bxe8 Rxe8 25. Qd4 Nfd5 26. e4 fxe4 27. fxe4 Rd8
28. exd5 Bxd5 29. Qf6 Qb7 30. Bd4 Nc6 31. Qh8+ Kf7 32. Ng5+ Ke7 33. Qxh7+ Kd6
34. Qxb7 Nxd4 35. Nf7#
1-0